Mapas estratégicos: convirtiendo los activos intangibles en resultados tangibles

Salvato in:
Dettagli Bibliografici
Autori principali: Kaplan, Robert S (Autore), Norton, David P (Autore)
Natura: Libro
Lingua:spagnolo
Pubblicazione: Barcelona Gestión 2000 2004
Soggetti:
Tags: Aggiungi Tag
Nessun Tag, puoi essere il primo ad aggiungerne!!

MARC

LEADER 00000nam a2200000 a 4500
001 UCK7981
003 CL-VaPUC
008 060105e20040000SP |||||||||||||||||spa|d
020 |a 848088486X 
082 0 4 |a 658.403  |b KAP  |2 21 
100 |a Kaplan, Robert S  |e author  |9 598315 
700 0 |a Norton, David P  |e author  |9 497727 
245 1 0 |a Mapas estratégicos: convirtiendo los activos intangibles en resultados tangibles 
300 |a 503 p 
942 |c BK 
945 |d 20060105 00:00:00  |a jtorresc 
260 |a Barcelona  |b Gestión 2000  |c 2004 
650 0 |a Gestión administrativa  |9 375217 
650 0 |a Planificación estratégica   |9 259735 
650 0 |a Gestión de la información   |9 362327 
650 0 |a Toma de decisiones   |9 257530 
583 |a last modification  |c 20160929 09:13:55  |k Rodrigo Vera 
999 |c 315819  |d 315817 
952 |0 0  |1 0  |2 ddc  |4 0  |6 658_403000000000000_KAP_2004  |7 0  |8 A  |9 389594  |a BIBING  |b BIBING  |c RES  |d 2019-11-22  |i 4198395  |o 658.403 KAP 2004  |p 4198395  |r 2025-01-20  |w 2019-11-22  |y BK  |k TRA 
952 |0 0  |1 0  |2 ddc  |4 0  |6 658_403000000000000_KAP_2004  |7 0  |8 A  |9 389595  |a BIBING  |b BIBING  |c RES  |d 2019-11-22  |i 4308352  |o 658.403 KAP 2004  |p 4308352  |r 2025-01-20  |w 2019-11-22  |y BK  |k TRA